00739 2200253 4500001002100000005001500021035002000036007000300056008004100059020002200100082000800122084001500130100005000145245008500195250001000280300002700290700003700317600001000354264003500364336002100399337003000420338002300450990001200473INLIS00000000000068020260203091231 a0010-0226000001ta260203 1 ind  a978-602-52758-9-0 a813 a813 AND m0 aAndhika Mappasomba Daeng MammangkaePengarang1 aMalewa :bLelaki yang berjalan di atas Air /cAndhika Mappasomba Daeng Mammangka acet 1 aviii, 143 hlm ;c13 cm0 aNurlailatul QadrianiePenyunting 4aNovel aMakassar :bRumah Bunyi,c2019 2rdacontentateks 2rdamediaatanpa perantara 2rdacarrieravolume a26.0001